000 00312nam a2200133Ia 4500
005 20251222154403.0
008 251222s9999||||xx |||||||||||||| ||spa||
020 _a84-206-1395-9
082 _a868.6/P26M
100 _a"Pardo Bazán, Emilia"
245 0 _aLa madre naturaleza
250 _a3a.ed.
942 _cLIB
999 _c35356
_d35356